000 00564nam a2200133Ia 4500
005 20260209120153.0
008 260209s9999||||xx |||||||||||||| ||und||
100 _aAgam Sharma
245 0 _aHarmonizing enforcement : comparative perspectives on foreign arbitral awards and foreign judgments in the USA and India
260 _aBangaloreBangalore
_bNLSIU, Bangalore
_c2024 - 2025
300 _a33 p. ; 25 cm.
700 _aDr. Harisankar K. Sathyapalan - SupervisorDr. Harisankar K. Sathyapalan - Supervisor
856 _uhttps://dans.nls.ac.in/handle/123456789/2480
999 _c217776
_d217776